Plasma instabilities and nonlinear effects (Record no. 5085)

MARC details
000 -LEADER
fixed length control field 00662nam a2200217Ia 4500
003 - CONTROL NUMBER IDENTIFIER
control field IN-BaIIA
008 - FIXED-LENGTH DATA ELEMENTS--GENERAL INFORMATION
fixed length control field 211028s9999 xx 000 0 eng d
020 ## - INTERNATIONAL STANDARD BOOK NUMBER
International Standard Book Number 3-540-06947-X
040 ## - CATALOGING SOURCE
Transcribing agency IIA Library
080 ## - UNIVERSAL DECIMAL CLASSIFICATION NUMBER
Universal Decimal Classification number 53+54:629.19
Item number PCS-8
100 ## - MAIN ENTRY--PERSONAL NAME
Personal name Hasegawa, Akira
9 (RLIN) 9056
245 #0 - TITLE STATEMENT
Title Plasma instabilities and nonlinear effects
Statement of responsibility, etc. Akira Hasegawa
260 ## - PUBLICATION, DISTRIBUTION, ETC.
Place of publication, distribution, etc. Berlin
Name of publisher, distributor, etc. Springer-Verlag
Date of publication, distribution, etc. 1975
300 ## - PHYSICAL DESCRIPTION
Extent xi, 217p., 48 fig.
490 ## - SERIES STATEMENT
Series statement Physics and Chemistry in Space; v. 8
650 ## - SUBJECT ADDED ENTRY--TOPICAL TERM
Topical term or geographic name entry element  Plasma Instabilities
9 (RLIN) 9057
650 ## - SUBJECT ADDED ENTRY--TOPICAL TERM
Topical term or geographic name entry element  Plasma Physics 
650 ## - SUBJECT ADDED ENTRY--TOPICAL TERM
Topical term or geographic name entry element  Plasmas 
9 (RLIN) 8013
650 ## - SUBJECT ADDED ENTRY--TOPICAL TERM
Topical term or geographic name entry element Astronomy and Astrophysics Thesaurus 
9 (RLIN) 1143
942 ## - ADDED ENTRY ELEMENTS (KOHA)
Koha item type Books
Holdings
Withdrawn status Lost status Damaged status Not for loan Home library Current library Shelving location Date acquired Total Checkouts Full call number Barcode Date last seen Price effective from Koha item type
        IIA Library-Bangalore IIA Library-Bangalore General Stacks 23/11/1976   53+54:629.19/ PCS-8 5680 05/11/2021 23/11/1976 Books

Powered by Koha